Les capitales de l'Afrique.(mort-subite) - Statistiques

Statistiques générales
  • Ce quiz a été pris 565 fois
  • Le résultat moyen est 8 sur 8
Answers on the Grid
Answers color-coded by a green-red scale on the quiz's grid according to % correct below.
Rabat
Tokyo
Mexico
Varsovie
Nouakchott
Le Caire
Paris
Berlin
Pékin
Tunis
Alger
Abuja
Dakar
Le Cap
Copenhague
Stockholm
Oslo
 
Statistiques - réponses
Réponse % Correct
Rabat
99%
Alger
98%
Le Caire
98%
Dakar
97%
Le Cap
97%
Nouakchott
97%
Tunis
97%
Abuja
96%
Aucun quiz correspondant
Distribution des résultats
% des personnes avec chaque résultat
Percentile par nombre de réponses
Votre historique - résultats
Vous n’avez pas pris ce quiz